By Brakhage : An Anthology /
La filmografía de Brakhage ha originado dos volúmenes de antologías, incluidos en la serie Criterion Collection, divididos –respectivamente- en dos y tres tomos, con 26 y 30 de las películas del cineasta norteamericano. La selección del primer volumen fue definida por Marilyn Brakhage y el crítico e...
محفوظ في:
| المؤلف الرئيسي: | |
|---|---|
| مؤلفون آخرون: | , , , , , , , , , , |
| التنسيق: | |
| اللغة: | الإنجليزية |
| منشور في: |
EUA :
producción de autor,
1954-2001
|
| سلاسل: | (Criterion Collection ;
184) |
| الموضوعات: | |
| الوسوم: |
لا توجد وسوم, كن أول من يضع وسما على هذه التسجيلة!
|
MARC
| LEADER | 00000ngm^a2200000^a^4500 | ||
|---|---|---|---|
| 001 | 000180380 | ||
| 005 | 20251020000000.0 | ||
| 009 | 20260310101855.814 | ||
| 020 | |a 1-55940-938-X | ||
| 037 | |a Acervo ITESO - Biblioteca | ||
| 041 | |a ING | ||
| 082 | |a 808. 8 |b CRI V. 184 | ||
| 100 | |a Brakhage, Stan |e (realización) | ||
| 240 | 1 | 1 | |a [By Brakhage: An Anthology] |
| 245 | 1 | 0 | |a By Brakhage : |b An Anthology / |c Realización de S. Brakhage ; selec. de M. Brakhage, B. Kawin. |
| 246 | 2 | |a Título en México: no conocido/no identificado | |
| 246 | 2 | |a Título alternativo en español: no conocido/no identificado | |
| 264 | 1 | |a EUA : |b producción de autor, |c 1954-2001 | |
| 264 | 2 | |a Nueva York, EUA : |b Criterion Collection [distribución], |c 2003, c2003 | |
| 300 | |a 2 DVD región 1 (124, 111 min.) : |b blanco y negro, color + |e 1 folleto ([24] p.) | ||
| 336 | |a imagen móvil bidimensional |b tdi |2 rdacontenido | ||
| 337 | |a video |b v |2 rdamedio | ||
| 338 | |a videodisco |b vd |2 rdasoporte | ||
| 440 | 1 | |a (Criterion Collection ; |v 184) | |
| 520 | |a La filmografía de Brakhage ha originado dos volúmenes de antologías, incluidos en la serie Criterion Collection, divididos –respectivamente- en dos y tres tomos, con 26 y 30 de las películas del cineasta norteamericano. La selección del primer volumen fue definida por Marilyn Brakhage y el crítico e historiador de cine Bruce Kawin, con la aprobación y asesoría del propio cineasta. El primer tomo del volumen inicial recoge los siguientes títulos: 1) Desistfilm (1954, 7 min.); 2) Wedlock House (1959, 11 min.); 3) Dog Star Man (1961-1964), dividido en un preludio y cuatro partes (25, 31, 6, 8, 6 min.) y 4) The Act of Seeing with One's Own Eyes (1971, 32 min.). El segundo tomo está integrado por: 5) Cat's Cradle (1959, 6 min.); 6) Window Water Baby Moving (1959, 12 min.); 7) Mothlight (1963, 3 min.); 8) Eye Myth (1967, 9 seg.); 9) The Wold Shadow (1972, 2 min. y medio); 10) The Garden of Eatherly Delights (1981, 1 min. y medio); 11) The Stars Are Beautiful (1974, 19 min.); 12) Kindering (1987, 3 min.); 13) I... Dreaming (1988, 7 min.); 14) The Dante Quartet (1987, 6 min.); 15) Night Music (1986, 32 seg.); 16) Rage Net (1988, 52 seg.); 17) Glaze of Cathexis (1990, 3 min.); 18) Delicacies of Molten Horror Synapse (1991, 8 min.); 19) Untitled (for Marilyn) (1992, 11 min.); 20) Black Ice (1994, 2 min.); 21) Study in Color and Black and White (1993, 1 min. y medio); 22) Stellar (1993, 2 min.); 23) Crack Glass Eulogy (1992, 6 min.); 24) The Dark Tower (1999, 2 min.); 25) Commingled Containers (1997, 3 min.) y 26) Love Song (2001, 11 min.). | ||
| 520 | |a Suplementos y características especiales: 1) 19 de las películas incluyen un comentario fonográfico en una banda sonora separada; 2) Entrevista con el director, distribuida en cuatro partes de nueve minutos cada una, a razón de dos por tomo y 3) Folleto con un ensayo general y comentarios específicos de cada filme, escritos por el crítico Fred Camper, especialista en la obra de Brakhage. | ||
| 545 | 0 | |a Stan Brakhage (Kansas City, 1933 - Victoria, Columbia Británica, Canadá, 2003), uno de los pioneros y principales exponentes de las filas radicalmente experimentales dentro del nuevo cine americano de las décadas de 1960 y 1970, identificadas también como la segunda ola o generación del cine de vanguardia en Estados Unidos o con la etiqueta de cine underground. Brakhage es autor de una filmografía de aproximadamente 400 películas, la mayor parte de ellas de cortometraje, inaugurada en 1952 y desarrollada con absoluta independencia creativa a lo largo de más de medio siglo, a razón de crear a veces apenas un cuarto o medio segundo por día, con un tratamiento de las imágenes como si fuesen pequeños lienzos. Al igual que en el caso de muchos de sus compañeros de aventura, sus creaciones manifiestan en forma interrelacionada inconformismo estético, disidencia política y voluntad de innovación técnica, para retar con franqueza y belleza poética todo tabú, en una exploración que atraviesa la sexualidad, el nacimiento y la muerte, la búsqueda de Dios o la naturaleza de la percepción humana. El cine mismo fue objeto permanente de desafío por parte del director norteamericano, precursor en la creación de imágenes audiovisuales sin uso de la cámara, al indagar en las posibilidades resultantes de dibujar, pintar, decolorar o rasguñar la película físicamente. También dejó constancia de sus inquietudes en torno a la imagen a través de reflexiones teóricas vertidas en sus libros Metaphors on Vision (1963), A Motion Picture Giving and Taking Book (1971), The Brakhage Lectures (1972), The Seen (1975) y The Brakhage Scrapbook (1982). Pese a la circulación restringida de su filmografía, su visionario estilo influyó en el ámbito audiovisual en su conjunto: los dibujos animados y los comerciales televisuales, los videos musicales e incluso las filmografías de varios directores del cine industrial norteamericano. | |
| 649 | |a XX | ||
| 650 | |a Cortometrajes y Mediometrajes Norteamericanos | ||
| 650 | |a Poesía en el Cine | ||
| 650 | |a Cine Experimental - |z EUA | ||
| 650 | |a Cine Independiente - |z EUA | ||
| 650 | |a Cine Norteamericano - |y Siglo XX | ||
| 650 | |a Parto | ||
| 650 | |a Embarazo | ||
| 650 | |a Reproducción Humana | ||
| 650 | |a Relaciones de Pareja | ||
| 650 | |a Sexualidad | ||
| 650 | |a Autopsia | ||
| 650 | |a Luz y Sombra | ||
| 650 | |a Percepción Visual | ||
| 740 | 0 | |a By Brakhage : |b The Act of Seeing... / |c Texto de F. Camper. | |
| 740 | 0 | |a About the Films [of Stan Brakhage] / |c Texto de F. Camper. | |
| 700 | |a Brakhage, Stan |e (guión) | ||
| 700 | |a Brakhage, Stan |e (fotógrafo) | ||
| 700 | |a Brakhage, Jane |e (fotógrafo) | ||
| 700 | |a Brakhage, Stan |e (montaje) | ||
| 700 | |a Haertling, Joel |e (música) | ||
| 700 | |a Austin, A. |e (actuación) | ||
| 700 | |a Benson, Robert |e (actuación) | ||
| 700 | |a Fair, Yvonne |e (actuación) | ||
| 700 | |a Brakhage, Marilyn |e (selección) | ||
| 700 | |a Kawin, Bruce |e (selección) | ||
| 700 | |a Camper, Fred |e (texto) | ||
| 910 | |a Fondo General | ||
| 920 | |a Audiovisuales - DVDs | ||
| 940 | |a Películas | ||
| 905 | |a 308 | ||
| 901 | |a 0500089178 |b IT2 |c DVR |u 20250521 | ||
| 901 | |a 0500089179 |b IT2 |c DVR |u 20250521 | ||
| 901 | |a 0500108486 |b IT2 |c MIN |u 20251020 | ||
| 902 | |a https://opac.biblio.iteso.mx/vufind/Record/000180380 | ||